000
00310nam a22001457a 4500
008
211011b ||||| |||| 00| 0 eng d
020
_a
0395254507
041
_a
eng
080
_a
371
082
_a
371
100
_a
46
101
_a
EDU
245
_a
A Contemporary Rhetoric
_c
Hairston,M
942
_2
udc
_c
BK
999
_c
58137
_d
58137